Основы теоретической электротехники: учебное пособие

Dades bibliogràfiques
Altres autors: Бычков Ю. А. Юрий Александрович, Золотницкий В. М., Чернышев Э. П., Белянин А. Н.
Sumari:Учебное пособие написано на основе опыта преподавания авторами теоретических основ электротехники в Санкт-Петербургском государственном электротехническом университете («ЛЭТИ»). Материал излагается со строгих математических позиций, с обязательной физической трактовкой. Курс начинается с изучения функциональных свойств цепей как преобразователей сигналов сначала во временной, а затем в частотной областях. Изложены классические и современные приложения теории цепей — дискретные цепи, теория фильтров, активные цепи, синтез двухполюсников, теория чувствительности, машинно-ориентированные методы расчета, релейные цепи, магнитные цепи, цепи высокой добротности, синтез четырехполюсников. Рассмотрены также базовые разделы теории электромагнитного поля. Учебное пособие предназначено для студентов вузов, обучающихся по радиотехническим специальностям.
Idioma:rus
Publicat: СПб., Лань, 2008
Col·lecció:Учебники для вузов. Специальная литература
Matèries:
Format: MixedMaterials Llibre
KOHA link:https://koha.lib.tpu.ru/cgi-bin/koha/opac-detail.pl?biblionumber=139597

MARC

LEADER 00000nam0a2200000 4500
001 139597
005 20231101220815.0
010 |a 9785811407811 
035 |a (RuTPU)RU\TPU\book\151227 
090 |a 139597 
100 |a 20080609d2008 m y0rusy50 ca 
101 0 |a rus 
102 |a RU 
105 |a a j 001zy 
200 1 |a Основы теоретической электротехники  |e учебное пособие  |f Ю. А. Бычков [и др.] 
210 |a СПб.  |c Лань  |d 2008 
215 |a 592 с.  |c ил. 
225 1 |a Учебники для вузов. Специальная литература 
320 |a Литература: с. 576. 
330 |a Учебное пособие написано на основе опыта преподавания авторами теоретических основ электротехники в Санкт-Петербургском государственном электротехническом университете («ЛЭТИ»). Материал излагается со строгих математических позиций, с обязательной физической трактовкой. Курс начинается с изучения функциональных свойств цепей как преобразователей сигналов сначала во временной, а затем в частотной областях. Изложены классические и современные приложения теории цепей — дискретные цепи, теория фильтров, активные цепи, синтез двухполюсников, теория чувствительности, машинно-ориентированные методы расчета, релейные цепи, магнитные цепи, цепи высокой добротности, синтез четырехполюсников. Рассмотрены также базовые разделы теории электромагнитного поля. Учебное пособие предназначено для студентов вузов, обучающихся по радиотехническим специальностям. 
606 1 |a Электротехника теоретическая  |2 stltpush  |3 (RuTPU)RU\TPU\subj\20909  |9 45970 
610 1 |a ТОЭ 
610 1 |a теоретические основы 
610 1 |a электрические цепи 
610 1 |a законы 
610 1 |a резистивные цепи 
610 1 |a линейные цепи 
610 1 |a переходные процессы 
610 1 |a общественные функции 
610 1 |a синусоидальные воздействия 
610 1 |a экспоненциальные воздействия 
610 1 |a преобразование Лапласа 
610 1 |a установившиеся периодические режимы 
610 1 |a спектральные методы 
610 1 |a цепи с взаимной индукцией 
610 1 |a трехфазные цепи 
610 1 |a четырехполюсники 
610 1 |a активные цепи 
610 1 |a фильтры 
610 1 |a синтез 
610 1 |a цепи с распределенными параметрами 
610 1 |a дискретные сигналы 
610 1 |a дискретные цепи 
610 1 |a нелинейные цепи 
610 1 |a связанные контуры 
610 1 |a расчет 
610 1 |a машинно-ориентированные методы 
610 1 |a чувствительность 
610 1 |a релейные автоколебательные цепи 
610 1 |a магнитные цепи 
610 1 |a магнитные потоки 
610 1 |a электромагнитные поля 
610 1 |a макроскопическая теория 
610 1 |a идеальные диэлектрики 
610 1 |a проводящие среды 
610 1 |a векторный анализ 
610 1 |a учебные пособия 
675 |a 621.3.01(075.8)  |v 3 
701 1 |a Бычков  |b Ю. А.  |g Юрий Александрович 
701 1 |a Золотницкий  |b В. М. 
701 1 |a Чернышев  |b Э. П. 
701 1 |a Белянин  |b А. Н. 
801 1 |a RU  |b 63413507  |c 20080609  |g PSBO 
801 2 |a RU  |b 63413507  |c 20150613  |g PSBO 
900 |a Теоретические основы электротехники 
942 |c BK 
951 |b 210300 
959 |a 65/20080529  |d 2  |e 489,40  |f ЧЗТЛ:1  |f АНЛ:1